Ekonomična dyplomatija jak sučasnyj koncept

Skúmanie vzájomných vzťahov medzi pojmami hospodárska a komerčná diplomacia.

Salvato in:
Dettagli Bibliografici
Autore principale: Kunychka, Mykhaylo, 1990-
Natura: Capitolo di libro
Lingua:ucraino
Soggetti:
Tags: Aggiungi Tag
Nessun Tag, puoi essere il primo ad aggiungerne!!

MARC

LEADER 00000naa$a2200000$$$4500
001 0298154
005 20240502084006.2
041 0 |a ukr 
044 |a UA 
245 1 0 |a Ekonomična dyplomatija jak sučasnyj koncept  |c Mykhaylo Kunychka 
520 |a Skúmanie vzájomných vzťahov medzi pojmami hospodárska a komerčná diplomacia. 
610 2 0 |a diplomacia hospodárska 
610 2 0 |a vzťahy medzinárodné 
610 2 0 |a spolupráca medzinárodná 
610 2 0 |a pojmy 
100 1 |a Kunychka, Mykhaylo, 1990-